000
00312nam a2200133 a 4500
001
4144
003
CDMR
005
20130116135252.0
008
130130s1986||||||||||||||||||||||||||||d
040
_a
CDMR
_b
cat
_c
CPC GIRONA
245
0
_a
BBC annual report and handbook 1986
_c
Varis
260
_c
1986
_b
BBC
942
_c
MON
999
_c
4144
_d
4144